Name any...starting with... - Statistics

General Stats
  • This quiz has been taken 40 times
  • The average score is 7 of 9
Answer Stats
Name any... Beginning with... Answer % Correct
Country that has medaled in the Olympics (winter or summer) E Ecuador | Egypt | Eritrea | Estonia | Ethiopia
95%
European Capital City S Stockholm | Sofia | Skopje | Sarajevo | San Marino
92%
African country L Liberia | Lesotho | Libya
89%
World Language P Portuguese | Polish | Punjabi | Palauan | Persian
89%
U.S. President (Last Name) M Monroe | Madison | McKinley
71%
NFL Team Name (not including city/state) B Bears | Bengals | Bills | Browns | Broncos | Buccaneers
68%
Chemical Element on the Periodic Table H Hafnium | Hassium | Helium | Holmium | Hydrogen
66%
Movie that received an Oscar for Best Picture C Casablanca | Cavalcade | Chariots of Fire | Chicago | Cimarron | CODA | Crash
50%
Shakespeare play A All's Well That Ends Well | Antony and Cleopatra | As You Like It
29%
No matching quizzes found
Score Distribution
Percent of People with Each Score
Percentile by Number Answered
Your Score History
You have not taken this quiz